Lengua y herida /
Guardado en:
| Autor Principal: | |
|---|---|
| Otros Autores: | |
| Formato: | Libro |
| Publicado: |
Buenos Aires :
Colihue,
2013
|
| Series: | Musarisca / Jorge Boccanera
|
| Materias: | |
| Etiquetas: |
Agregar Etiqueta
Sin Etiquetas, Sea el primero en etiquetar este registro!
|
| LEADER | 00746nam a22002415a 4500 | ||
|---|---|---|---|
| 001 | CEM.cems018262 | ||
| 005 | 20140401110057.0 | ||
| 008 | 130507s2013##################000#0#####d | ||
| 003 | CEMS | ||
| 020 | |a 9789876849463 | ||
| 082 | 0 | 4 | |a 861.4 |
| 100 | 1 | |a Gamoneda, Antonio | |
| 245 | 1 | 0 | |a Lengua y herida / |c Antonio Gamoneda ; selección y Prólogo de Vicente Muleiro |
| 260 | |a Buenos Aires : |b Colihue, |c 2013 | ||
| 300 | |a 224 p. | ||
| 490 | 0 | |a Musarisca / Jorge Boccanera | |
| 653 | |a Literatura | ||
| 653 | |a Literatura española | ||
| 653 | |a Poesía | ||
| 653 | |a Poesía española | ||
| 653 | |a Ministerio de educación-colección literaria | ||
| 700 | 1 | |a Muleiro, Vicente, sel. | |
| 859 | |a CEMS |b BIB. CEMS - Agricultura |h 861.4 |i G148 |p A2118.14 |t Ej.1 | ||
